BIBLIOTHÈQUE DE LA MAISON DU MEXIQUE

Logo 1 Logo 2

El silencio (notice nᵒ 2776)

détails MARC
000 -Sello discográfico
campo de control de longitud fija 00733nam a2200265 4500
005 - Identificación de versión
campo de control 20251017062707.0
035 ## - Otros números de control del sistema
Número de control del sistema 23927
099 ## - fechas locales
Tipo de ítem Koha LIBRO
100 ## - Datos de procesamiento general
Datos de procesamiento general 19980216d1951 m y1spay5003 ba
105 ## - Campo de datos codificados: Material textual, monográfico
Datos codificados de monografía y 001gy
200 1# - Título y mención de responsabilidad
Título propio El silencio
Designación general del material texto impreso
Otra información del título poemas
Primer mención de responsabilidad Paulina Greenberg S
210 ## - Publicación, distribución, etc.
Lugar de publicación, distribución, etc. México
Nombre del editor, distribuidor, etc. Ediciones Universidades de América
Fecha de publicación, distribución, etc. 1951
215 ## - Descripción física
Designación de material específico y extensión del ítem 102 p
Dimensiones 19 cm
345 ## - Nota de información de adquisición
Fuente de adquisición/dirección de la suscripción [OBSOLETO] Donación
606 ## - Término temático usado como materia
Elemento de entrada Poesía mexicana
Subdivisión cronológica Siglo XX
Número Koha 10
660 ## - Código de área geográfica
Código MX
700 ## - Nombre personal - Responsabilidad primaria
Elemento de entrada Greenberg Shapiro
Parte del nombre distinta del elemento de entrada Paulina
Número Koha 6115
801 #0 - Fuente de origen
Agencia cm
900 ## -
-- 1/15896
900 ## -
-- 710987464\\160298
942 ## - ELEMENTOS DE ENTRADA SECUNDARIOS (KOHA)
Tipo de ítem Koha Livre
996 ## -
-- MEX
-- 751145101
-- MMAG
-- 011713
-- 861.4 G798S
-- 20241122LIV
Exemplaires
Estatus retirado Estado de daño Estado de pérdida Fecha de adquisición Biblioteca de origen Biblioteca actual Ubicación en estantería Código de barras Precio de reemplazo Signatura topográfica completa No para préstamo Tipo de ítem Koha Nota pública Nota no pública
      05/08/2025 Casa México Paris Casa México Paris   011713 05/08/2025 861.4 G798S   Livre 20241122LIV 751145101